Statistics for Every Childish Gambino song that hit the Billboard hot 100

Click here to take the quiz!

General Stats

  • This quiz has been taken 20 times
  • The average score is 3 of 5

Answer Stats

Peak Chart PositionYearSong% Correct
12018This Is America
100%
122017Redbone
81%
642014V. 3005
69%
682016Me And Your Mama
31%
862013I. Crawl
19%

Score Distribution

Percentile by Number Answered

Percent of People with Each Score

Your Score History

You have not taken this quiz